Nuestros contemporáneos primitivos /

Guardado en:
Autor Principal: Murdock, George Peter
Formato: Libro
Publicado: México : Fondo de Cultura Económica, 1956
Edición:2a. ed.
Materias:
Etiquetas: Agregar Etiqueta
Sin Etiquetas, Sea el primero en etiquetar este registro!
LEADER 00802nam a22002295a 4500
001 CEM.cems004565
005 20060217000000.0
008 130507s1956##################000#0#####d
003 CEMS
082 0 4 |a 571 
100 1 |a Murdock, George Peter 
245 1 0 |a Nuestros contemporáneos primitivos /  |c George Peter Murdock 
250 |a 2a. ed. 
260 |a México :  |b Fondo de Cultura Económica,  |c 1956 
300 |a 193 p. 
505 0 |a Arqueolog¡a oriental hasta la Segunda Guerra Mundial; arqueolog¡adesde 1946 hata 1968; misi¢n arqueol¢gica; investigaci¢n; ciencia moderna y arqueolog¡a. 
653 |a Antropologia 
653 |a Arqueologia 
653 |a Cultura azteca 
653 |a Cultura inca 
653 |a Culturas prehistóricas 
859 |a CEMS  |b BIB. CEMS - 11 de abril  |h 571  |i M936a2  |p 3516.75  |t Ej.1